000 01291nam a2200349 i 4500
003 EG-GICUC
005 20260419142611.0
008 251223b1963 ua ||||f |||| 00| 0 ara d
040 _a EG-GICUC
_bara
_c EG-GICUC
_d EG-GICUC
_erda
041 0 _aara
082 0 4 _221
_a345.41
_bم ح . ع
092 0 4 _221
099 _aLaw1 07 345.41 م ح . ع 1 ed 1963
100 1 _aمحمود الهمشري
_eمؤلف.
245 1 2 _aالعاملون بالمؤسسات والشركات العامة /
_cتأليف محمود الهمشري ، السيد علي
250 _aالطبعة الأولى.
264 4 _a[مكان النشر غير محدد] :
_b[إسم الناشر غير محدد]،
_c1963.
300 _a301 صفحة ؛
_c24 سم.
336 _2rda content
_atext
337 _2rda media
_aComputer
338 _2rda carrier
_aOnline Resource
500 _aيتضمن ملاحق.
546 _aالنص باللغة العربية
650 1 7 _aالقانون الإداري
_2qrmak
650 1 7 _aالشركات
_2qrmak
650 1 7 _aالموظفون والمستخدمون
_2qrmak
651 1 _2qrmak
700 1 _aالسيد علي
_eمؤلف مشارك.
856 4 0 _uhttps://fll.law.cu.edu.eg/fulltext/bks/B07-01569.pdf
905 _a73
942 _2ddc
_n0
_cBK
_e21
999 _c52206
_d52206